000 01267naa a22002897a 4500
001 BR7310852
003 BR-BrBNA
005 20240918173526.0
007 ta
008 230509b bl.||||| |||| 00| 0 por d
040 _aBR-BrBNA
_bpor
_cBiblioteca Nacional de Agricultura
041 _a(Pt)
072 _aE70
090 _aE70 BR7310852
100 1 _aCarvalho, I.P.R. de
111 1 _a2. Seminario Latino Americano de Comercializacao, Armazenamento e Processamento de Produtos Agricolas
_cRio de Janeiro, GB (Brazil); Sao Paulo, SP (Brazil)
_d27 May 1962
245 1 _aFinanciamento, organizacao e processamento de mercados [comercializacao]
260 3 _aRio de Janeiro, GB (Brasil):
_c1962.
500 _aRelatorio do 2. Seminario Latino Americano de comercializacao, armazenamento e processamento de produtos agricolas Rio de Janeiro, GB (Brasil): 1962. p. 265-268 (BR7310852-AM)E70
650 _aCOMERCIALIZACAO
650 _aMERCADO
650 _aCOOPERATIVA
650 _aFINANCIAMENTO
773 0 _tRelatorio do 2. Seminario Latino Americano de comercializacao, armazenamento e processamento de produtos agricolas
_wE70 BR7310852
_gRio de Janeiro, GB (Brasil), 1962. p. 265-268
909 _a202404
_bLucia
_c55
_dLucia Elande
942 _cAM
_2AGRIS
999 _c305170
_d305170